Historjografja Polski wieków średnich

Titel: Historjografja Polski wieków średnich : (w. X - XV) / wybór źródeł oprac.: Stanisław Arnold
Beteiligt:
Veröffentlicht: Warszawa : Wydawn. Koła Historyków U. W., 1926
Umfang: 100 S.
Format: Buch
Sprache: Polnisch; Latein
Schriftenreihe/
mehrbändiges Werk:
Teksty do ćwiczeń seminaryjnych / Koło Historyków U. W. ; 1
Kein Bild verfügbar
X
Lokale Klassifikation: 32 5 A
alg: 2883373
001A    $03004:05-04-94 
001B    $01999:29-09-23 $t13:55:39.000 
001D    $09999:99-99-99 
001U    $0utf8 
001X    $00 
002@    $0Aauc 
003@    $0028833732 
003O    $0168670235 $aOCoLC 
007A    $0028833732 $aHEB 
007T    $0Herdhh028833732 
010@    $apol $alat 
011@    $a1926 $n1926 
021A    $a@Historjografja Polski wieków średnich $d(w. X - XV) $hwybór źródeł oprac.: Stanisław Arnold 
027A    $a@Historiografia Polski wieków średnich 
027A/01 $aHistoriografia Polski wieków średnich 
028C    $BBearb. $#Arnold, S. $#Arnold, Stanislaw $712492199X $8Arnold, Stanisław$Z1895-1973 [Tp1] $9155513451 
033A    $pWarszawa $nWydawn. Koła Historyków U. W. 
034D    $a100 S. 
036E    $aTeksty do ćwiczeń seminaryjnych / Koło Historyków U. W. $l1 
045F    $a901.09438 $eDDC23BSB 
045F/01 $a901 
045F/03 $g438 
045G    $a907.209438 $eDDC23BSB 
045G/01 $a907.2 
045G/03 $g438 

lok: 2883373 24
101B    $003-04-07 $t13:39:28.000 
101U    $0utf8 
145Z/01 $a32 5 A 

exp: 2883373 24 1 #EPN
201B/01 $003-04-07 $t13:39:28.000 
201U/01 $0utf8 
203@/01 $008646521X 
208@/01 $a05-04-94 $bh 
209A/01 $a32 V A 139 $du $f050 $h32 5 A 139 $x00 
209C/01 $aK 93.2349 $h93 2349 K 
209G/01 $a71720756 $x00 
247C/01 $8358050-7 Marburg, Bibliothek des Herder-Instituts Marburg $9102600961 

lok: 2883373 78

exp: 2883373 78 1 #EPN
201B/01 $019-04-17 $t17:43:43.000 
201U/01 $0utf8 
203@/01 $0793764351 
208@/01 $a12-11-16 $be 
209A/01 $a/ $f000 $x00 
237A/01 $aweiterführende Signatur(en): Herder-Institut: 32 V A 139 
244Z/01 $2Trx $#Poola $#Lenkija $#Polija $#Polen Land $#Poland $#Lengyelország $#Poľsko $#Polsko $8--Trx--Polska$gkraj $x01 $9391345966 
245Z/01 $a04.03 $x01 
247C/01 $82080>Marburg/Lahn, Herder-Institut, Forschungsbibliothek, Bibliographieportal $9336309341
LEADER 00000cam a2200000 c 4500
001 028833732
003 DE-603
005 20230929135539.0
007 tu
008 940405s1926 xx |||| | u00||u|pol c
035 |a (DE-599)HEB028833732 
035 |a (OCoLC)168670235 
040 |a DE-603  |b ger  |c DE-603  |d DE-603 
041 |a pol  |a lat 
082 0 4 |8 1\u  |a 901.09438  |q DE-101  |2 23/BSB 
083 0 |8 2\u  |a 907.209438  |q DE-101  |2 23/BSB 
085 |8 1\u  |b 901 
085 |8 1\u  |z 2  |s 438 
085 |8 2\u  |b 907.2 
085 |8 2\u  |z 2  |s 438 
245 0 0 |a Historjografja Polski wieków średnich  |b (w. X - XV)  |c wybór źródeł oprac.: Stanisław Arnold 
246 1 3 |a Historiografia Polski wieków średnich 
246 1 3 |a Historiografia Polski wieków średnich 
264 1 |a Warszawa  |b Wydawn. Koła Historyków U. W.  |c 1926 
300 |a 100 S. 
490 0 |a Teksty do ćwiczeń seminaryjnych / Koło Historyków U. W.  |v 1 
700 1 |a Arnold, Stanisław  |d 1895-1973  |e Bearb.  |4 edt  |0 (DE-603)155513451  |0 (DE-588)12492199X  |2 gnd 
924 0 |9 Mb 50  |a (DE-603)08646521X  |b DE-Mb50  |c HES  |d c  |g 32 V A 139 
924 0 |9 2080  |a (DE-603)793764351  |b DE-2080  |c HES  |d d  |g /